000 00248nam a2200097Ia 4500
001 1162549
005 20250827011646.0
008 250824s9999 xx 000 0 und d
245 0 _aBİR BELDENİN KALBİ
_cIREA TREVİSAN
260 _bKETEBE YAYINLARI
999 _c1162549
_d1162549